La caza mayor en la provincia de Lérida / (Record no. 130991)

MARC details
000 -LEADER
campo de control de longitud fija 00557nam a2200169 4500
001 - NÚMERO DE CONTROL
campo de control 130991
003 - IDENTIFICADOR DE NÚMERO DE CONTROL
campo de control ES-MaACL
005 - FECHA Y HORA DE LA ÚLTIMA TRANSACCIÓN
campo de control 20230906193907.0
007 - CAMPO FIJO DE DESCRIPCIÓN FÍSICA--INFORMACIÓN GENERAL
campo de control de longitud fija t|
008 - DATOS DE LONGITUD FIJA--INFORMACIÓN GENERAL
campo de control de longitud fija 070214s1967 sp r ||||1| spa d
100 1# - ENTRADA PRINCIPAL--NOMBRE DE PERSONA
Nombre de persona Roch Carulla, Juan.
9 (RLIN) 98044
245 13 - MENCIÓN DEL TÍTULO
Título La caza mayor en la provincia de Lérida /
Mención de responsabilidad, etc. Juan Roch Carulla.
260 ## - PUBLICACIÓN, DISTRIBUCIÓN, ETC.
Lugar de publicación, distribución, etc. [S.l.] :
Nombre del editor, distribuidor, etc. Lérida,
Fecha de publicación, distribución, etc. Instituto de Estudios Ilerdenses (
Fabricante 1967)
300 ## - DESCRIPCIÓN FÍSICA
Extensión 70 p., 2 lám. :
Otras características físicas il. ;
Dimensiones 24 cm +
Material acompañante/anejo 1 map.
710 2# - ENTRADA AGREGADA--NOMBRE DE ENTIDAD CORPORATIVA
Nombre de entidad corporativa o nombre de jurisdicción como elemento de entrada Instituto de Estudios Ilerdenses.
9 (RLIN) 4911
852 ## - LOCALIZACIÓN
Ubicación ES-MaACL
Número de control de estantería C-34356
Sublocalización o colección R.65011
Holdings
Estatus retirado Estado de pérdida Estado de daño No para préstamo Biblioteca de origen Biblioteca actual Ubicación en estantería Fecha de adquisición Fuente de adquisición Total de préstamos Signatura topográfica completa Código de barras Visto por última vez Precio de reemplazo Tipo de ítem Koha
        Biblioteca del Ateneo de Madrid Biblioteca del Ateneo de Madrid Depósito 2 17/01/2008     C-34356 1136378 23/02/2023 23/02/2023 Libro impreso